=LDR 00000nam 2200000 4500 =001 INLIS000000000025966 =005 20130612124434 =008 ***********************************Ind** =035 ##$$0010-061300000025966 =041 ##$$a Ind =082 ##$$a 510.7 =090 ##$$a 510.7, Sud m =100 ##$$a Sudarto =245 ##$$a Matematika 3b, Pendidikan Dasar 9 tahun. untuk SLTP kelas 3 Caturwulan II, Sudarto =260 ##$$a 1996 $b Surakarta =300 ##$$a vi, 104 hlm., ilus, 28 cm =850 ##$$a NBPNMAT